<?xml version="1.0" encoding="UTF-8"?>
<record
    xmlns:xsi="http://www.w3.org/2001/XMLSchema-instance"
    xsi:schemaLocation="http://www.loc.gov/MARC21/slim http://www.loc.gov/standards/marcxml/schema/MARC21slim.xsd"
    xmlns="http://www.loc.gov/MARC21/slim">

  <leader>00502nam a22001457a 4500</leader>
  <controlfield tag="005">20251125115934.0</controlfield>
  <controlfield tag="008">251125b        |||||||| |||| 00| 0 eng d</controlfield>
  <datafield tag="020" ind1=" " ind2=" ">
    <subfield code="a">978-1-4057-9770-2</subfield>
  </datafield>
  <datafield tag="100" ind1=" " ind2=" ">
    <subfield code="a">READ, JAMES S.</subfield>
  </datafield>
  <datafield tag="245" ind1=" " ind2=" ">
    <subfield code="a">LAW REPORTS OF THE COMMONWEALTH 2015</subfield>
  </datafield>
  <datafield tag="260" ind1=" " ind2=" ">
    <subfield code="a">LONDON</subfield>
    <subfield code="b">LEXISNEXIS</subfield>
    <subfield code="c">2015</subfield>
  </datafield>
  <datafield tag="300" ind1=" " ind2=" ">
    <subfield code="a">XXXII, 840P.</subfield>
  </datafield>
  <datafield tag="650" ind1=" " ind2=" ">
    <subfield code="a">1. LAW REPORTS, DIGESTS ETC -COMMONWEALTH COUNTRIES 2,.LAW -COMMONWEALTH COUNTRIES - CASES 3. COMPARATIVE LAW- COMMONWEALTH COUNTIRES</subfield>
  </datafield>
  <datafield tag="942" ind1=" " ind2=" ">
    <subfield code="2">lcc</subfield>
    <subfield code="c">REF</subfield>
  </datafield>
  <datafield tag="999" ind1=" " ind2=" ">
    <subfield code="c">216281</subfield>
    <subfield code="d">216281</subfield>
  </datafield>
  <datafield tag="952" ind1=" " ind2=" ">
    <subfield code="0">0</subfield>
    <subfield code="1">0</subfield>
    <subfield code="2">lcc</subfield>
    <subfield code="4">0</subfield>
    <subfield code="6">KD0122 L39  02015 V.00003</subfield>
    <subfield code="7">0</subfield>
    <subfield code="8">LAW</subfield>
    <subfield code="9">373672</subfield>
    <subfield code="a">KSUL</subfield>
    <subfield code="b">KSUL</subfield>
    <subfield code="c">DISPLAY</subfield>
    <subfield code="d">2025-11-25</subfield>
    <subfield code="i">110127</subfield>
    <subfield code="l">0</subfield>
    <subfield code="o">KD 122 .L39 2015 V.3</subfield>
    <subfield code="p">000000002188</subfield>
    <subfield code="r">2025-11-25 12:01:08</subfield>
    <subfield code="t">C.1</subfield>
    <subfield code="w">2025-11-25</subfield>
    <subfield code="y">REF</subfield>
  </datafield>
  <datafield tag="952" ind1=" " ind2=" ">
    <subfield code="0">0</subfield>
    <subfield code="1">0</subfield>
    <subfield code="2">lcc</subfield>
    <subfield code="4">0</subfield>
    <subfield code="6">KD0122 L39  02015 V.00003</subfield>
    <subfield code="7">0</subfield>
    <subfield code="8">LAW</subfield>
    <subfield code="9">373673</subfield>
    <subfield code="a">KSUL</subfield>
    <subfield code="b">KSUL</subfield>
    <subfield code="c">DISPLAY</subfield>
    <subfield code="d">2025-11-25</subfield>
    <subfield code="i">110128</subfield>
    <subfield code="l">0</subfield>
    <subfield code="o">KD 122 .L39 2015 V.3</subfield>
    <subfield code="p">000000002187</subfield>
    <subfield code="r">2025-11-25 12:01:00</subfield>
    <subfield code="t">C.2</subfield>
    <subfield code="w">2025-11-25</subfield>
    <subfield code="y">REF</subfield>
  </datafield>
  <datafield tag="952" ind1=" " ind2=" ">
    <subfield code="0">0</subfield>
    <subfield code="1">0</subfield>
    <subfield code="2">lcc</subfield>
    <subfield code="4">0</subfield>
    <subfield code="6">KD0122 L39  02015 V.00003</subfield>
    <subfield code="7">0</subfield>
    <subfield code="8">LAW</subfield>
    <subfield code="9">373674</subfield>
    <subfield code="a">KSUL</subfield>
    <subfield code="b">KSUL</subfield>
    <subfield code="c">DISPLAY</subfield>
    <subfield code="d">2025-11-25</subfield>
    <subfield code="i">110129</subfield>
    <subfield code="l">0</subfield>
    <subfield code="o">KD 122 .L39 2015 V.3</subfield>
    <subfield code="p">000000001392</subfield>
    <subfield code="r">2025-11-25 12:01:00</subfield>
    <subfield code="t">C.3</subfield>
    <subfield code="w">2025-11-25</subfield>
    <subfield code="y">REF</subfield>
  </datafield>
  <datafield tag="952" ind1=" " ind2=" ">
    <subfield code="0">0</subfield>
    <subfield code="1">0</subfield>
    <subfield code="2">lcc</subfield>
    <subfield code="4">0</subfield>
    <subfield code="6">KD0122 L39  02015 V.00003</subfield>
    <subfield code="7">0</subfield>
    <subfield code="8">LAW</subfield>
    <subfield code="9">373675</subfield>
    <subfield code="a">KSUL</subfield>
    <subfield code="b">KSUL</subfield>
    <subfield code="c">DISPLAY</subfield>
    <subfield code="d">2025-11-25</subfield>
    <subfield code="i">110130</subfield>
    <subfield code="l">0</subfield>
    <subfield code="o">KD 122 .L39 2015 V.3</subfield>
    <subfield code="p">000000001393</subfield>
    <subfield code="r">2025-11-25 12:01:00</subfield>
    <subfield code="t">C.4</subfield>
    <subfield code="w">2025-11-25</subfield>
    <subfield code="y">REF</subfield>
  </datafield>
  <datafield tag="952" ind1=" " ind2=" ">
    <subfield code="0">0</subfield>
    <subfield code="1">0</subfield>
    <subfield code="2">lcc</subfield>
    <subfield code="4">0</subfield>
    <subfield code="6">KD0122 L39  02015 V.00003</subfield>
    <subfield code="7">0</subfield>
    <subfield code="8">LAW</subfield>
    <subfield code="9">373676</subfield>
    <subfield code="a">KSUL</subfield>
    <subfield code="b">KSUL</subfield>
    <subfield code="c">DISPLAY</subfield>
    <subfield code="d">2025-11-25</subfield>
    <subfield code="i">110131</subfield>
    <subfield code="l">0</subfield>
    <subfield code="o">KD 122 .L39 2015 V.3</subfield>
    <subfield code="p">000000001697</subfield>
    <subfield code="r">2025-11-25 12:01:00</subfield>
    <subfield code="t">C.5</subfield>
    <subfield code="w">2025-11-25</subfield>
    <subfield code="y">REF</subfield>
  </datafield>
  <datafield tag="952" ind1=" " ind2=" ">
    <subfield code="0">0</subfield>
    <subfield code="1">0</subfield>
    <subfield code="2">lcc</subfield>
    <subfield code="4">0</subfield>
    <subfield code="6">KD0122 L39  02015 V.00003</subfield>
    <subfield code="7">0</subfield>
    <subfield code="8">LAW</subfield>
    <subfield code="9">373677</subfield>
    <subfield code="a">KSUL</subfield>
    <subfield code="b">KSUL</subfield>
    <subfield code="c">DISPLAY</subfield>
    <subfield code="d">2025-11-25</subfield>
    <subfield code="i">110132</subfield>
    <subfield code="l">0</subfield>
    <subfield code="o">KD 122 .L39 2015 V.3</subfield>
    <subfield code="p">000000001698</subfield>
    <subfield code="r">2025-11-25 12:01:00</subfield>
    <subfield code="t">C.6</subfield>
    <subfield code="w">2025-11-25</subfield>
    <subfield code="y">REF</subfield>
  </datafield>
  <datafield tag="952" ind1=" " ind2=" ">
    <subfield code="0">0</subfield>
    <subfield code="1">0</subfield>
    <subfield code="2">lcc</subfield>
    <subfield code="4">0</subfield>
    <subfield code="6">KD0122 L39  02015 V.00003</subfield>
    <subfield code="7">0</subfield>
    <subfield code="8">LAW</subfield>
    <subfield code="9">373678</subfield>
    <subfield code="a">KSUL</subfield>
    <subfield code="b">KSUL</subfield>
    <subfield code="c">DISPLAY</subfield>
    <subfield code="d">2025-11-25</subfield>
    <subfield code="i">110133</subfield>
    <subfield code="l">0</subfield>
    <subfield code="o">KD 122 .L39 2015 V.3</subfield>
    <subfield code="p">000000001699</subfield>
    <subfield code="r">2025-11-25 12:01:00</subfield>
    <subfield code="t">C.7</subfield>
    <subfield code="w">2025-11-25</subfield>
    <subfield code="y">REF</subfield>
  </datafield>
  <datafield tag="952" ind1=" " ind2=" ">
    <subfield code="0">0</subfield>
    <subfield code="1">0</subfield>
    <subfield code="2">lcc</subfield>
    <subfield code="4">0</subfield>
    <subfield code="6">KD0122 L39  02015 V.00003</subfield>
    <subfield code="7">0</subfield>
    <subfield code="8">LAW</subfield>
    <subfield code="9">373679</subfield>
    <subfield code="a">KSUL</subfield>
    <subfield code="b">KSUL</subfield>
    <subfield code="c">DISPLAY</subfield>
    <subfield code="d">2025-11-25</subfield>
    <subfield code="i">110134</subfield>
    <subfield code="l">0</subfield>
    <subfield code="o">KD 122 .L39 2015 V.3</subfield>
    <subfield code="p">000000001394</subfield>
    <subfield code="r">2025-11-25 12:01:00</subfield>
    <subfield code="t">C.8</subfield>
    <subfield code="w">2025-11-25</subfield>
    <subfield code="y">REF</subfield>
  </datafield>
</record>
